[Event "HUN-chT2 Szechenyi 1415"]
[Site "Hungary"]
[Date "2014.11.30"]
[Round "5.8"]
[White "Szinavel, Zsolt"]
[Black "Katona, Gyorgy"]
[Result "1-0"]
[WhiteElo "2095"]
[BlackElo "1734"]
[PlyCount "81"]
[EventDate "2014.09.07"]
[EventType "team-tourn"]
[EventRounds "11"]
[EventCountry "HUN"]
[SourceTitle "EXT 2016"]
[Source "ChessBase"]
[SourceDate "2015.10.08"]
[SourceVersion "1"]
[SourceVersionDate "2015.10.08"]
[SourceQuality "1"]
[WhiteTeam "Kisber Aszar"]
[BlackTeam "Papa"]
[WhiteTeamCountry "HUN"]
[BlackTeamCountry "HUN"]

1. Nf3 d5 2. b3 Bg4 3. Ne5 Bf5 4. d4 f6 5. Nf3 e6 6. Nh4 Bg6 7. Nxg6 hxg6 8. Qd3 Kf7 9. c3 Bd6 10. Nd2 Ne7 11. Nf3 Nd7 12. e4 c6 13. e5 Bc7 14. Bf4 g5 15. Bxg5 fxg5 16. Nxg5+ Kg8 17. Nxe6 Qc8 18. Ng5 Nf8 19. f4 Bd8 20. g3 Qf5 21. Qe3 Neg6 22. Bd3 Qd7 23. e6 Qe8 24. Nf7 Rh5 25. f5 Nh8 26. Nxd8 Qxd8 27. e7 Qe8 28. exf8Q+ Kxf8 29. Qxe8+ Rxe8+ 30. Kd2 Nf7 31. h3 Nd6 32. g4 Rh4 33. Rae1 Kf7 34. Rxe8 Nxe8 35. Ke3 Nf6 36. Kf3 Nd7 37. Kg3 Rh8 38. Re1 a6 39. g5 Nf8 40. g6+ Kf6 41. Re8 1-0